Seleção SL Benfica Champions League 2024/2025 - Statistics

Estatísticas Gerais
  • Esse quiz foi jogado 70 vezes
  • A pontuação média é 16 de 24
Estatísticas das Respostas
Imagem Resposta % Correto
Nicolás Otamendi
100%
Ángel Di María
95%
Arthur Cabral
88%
Anatoliy Trubin
81%
Álvaro Carreras
78%
Renato Sanches
78%
Alexander Bah
76%
Orkun Kökçü
76%
Vangelis Pavlidis
76%
Andrea Belotti
75%
Florentino
73%
Tomás Araújo
71%
Kerem Aktürkoğlu
68%
Fredrik Aursnes
66%
Samuel Soares
64%
Leandro Barreiro
61%
Samuel Dahl
59%
Gianluca Prestianni
56%
Benjamin Rollheiser
54%
Manu Silva
54%
Zeki Amdouni
54%
Andreas Schjelderup
49%
Tiago Gouveia
49%
Adrian Bajrami
44%
Nenhum quiz correspondente encontrado
Distribuição das Pontuações
Porcentagem de Pessoas com Cada Pontuação
Percentil de Números Respondidos
Sua Pontuação Histórica
Você não jogou esse quiz